000 01748nam a22002897a 4500
008 230425s2021 xxk|||||o|||| 00| 0 eng d
041 _aeng
110 _aRoyal Institution of Chartered Surveyors
245 _aDraft: Block Management Sector Code consultation
_h[Electronic resource]
260 _aLondon,
_bRoyal Institution of Chartered Surveyors,
_cAugust 2021
300 _a20p.
490 _aRICS Consultation
490 _aRICS Code of Practice
520 _aThe Block Management Sector Code ('this Code') has been developed alongside the Overarching Code of Practice for Residential Property Agents ('the Overarching Code'). The Overarching Code sets out the high-level principles that underpin the standards of professionalism expected of all property agents. This Code takes the principles set out in the Overarching Code and applies them to agents involved in the management of leasehold and commonhold property, and estates of freehold houses.The principles apply to the conduct and behaviour of managing agents (as firms) and staff (as individuals), and comprise a framework for ethical and competent practice.
520 _aConsultation opened 4 August 2021 and closed 14 September 2021.
520 _aAs of April 2023 this has not progressed to a final standard and is with the DHLUC for input.
650 _aBLOCK MANAGEMENT
650 _aLEASEHOLD PROPERTY
650 _aMANAGING AGENTS
650 _aRESIDENTIAL PROPERTY
651 _aUnited Kingdom
690 _96220
_aBlock management
690 _96252
_aLandlord and tenant
710 _aRoyal Institution of Chartered Surveyors
856 _uhttps://consultations.intstandards.org/blockmanagement
_zConsultation documents available here
942 _n0
999 _c121471
_d121471